| 000 | 00658nam a22002057a 4500 | ||
|---|---|---|---|
| 005 | 20250804152754.0 | ||
| 010 | _aENG-146287 | ||
| 020 |
_c240.00 _a9789361638251 |
||
| 035 | _aEN-129819 | ||
| 037 | _bDBAD | ||
| 082 | _a332.6328 | ||
| 100 |
_aM. Devaki _983700 |
||
| 245 |
_aBEHAVIORAL PATTERNSIN COMMODITY DERIVATIVES: A FOCUS ON INDIA/ _cM. Devaki [and] M. Anbukarasi |
||
| 250 | _a1 | ||
| 260 |
_aTAMIL NADU _bSHANLAX PUBLICATIONS _c2024 |
||
| 270 |
_bMADURAI _a61,66 T.P.K. MAIN ROAD VASANTHA NAGAR, MADURAI, TAMIL NADU _e625003 |
||
| 300 |
_a178p. _c25cm(Pb) |
||
| 700 |
_aM.ANBUKARSI _983697 |
||
| 942 |
_2ddc _cEN _h332.6328 _mMDE |
||
| 999 |
_c212862 _d212862 |
||